LEADER 01241nam a2200313 u 4500 001 000000111382 003 CaOOAMICUS 005 20080429160506.0 008 080429s1996 it u000 u ita u 020 $a88-211-6290-7 040 $aPUL$bita$dLDB 041 1 $aita$hfre 100 1 $aMontaigne, Michel de,$d1533-1592.$0(OLS)http://pul/name/18102 240 10$aEssais.$lItaliano.$0(OLS)http://pul/title/140052 245 10$aDei libri, dell'amicizia, dell'esperienza /$cMichel de Montaigne ; prefazione di Armando Torno. 260 $aGenova :$bMarietti,$c1996. 300 $axi, 132 p. ;$c17 cm. 490 1 $aI Rombi.$aNuova serie ;$v05 500 $aTrad. di Marina Prestinicola. 504 $aBibliografia in nota. 830 2$aI Rombi.$pNuova serie ;$v05.$0(OLS)http://pul/title/140051 850 $aPUL 852 $aPUL$W1$xDP1 Fondo Fallaci$y66$mB II 3$j127676$qFondi$B126379$CPULBib$Z2$F126379 $82 941 1 $a1 961 $aEx libris Oriana Fallaci 961 $aSegnalibro a pagg. : 57, 61 996 $6020$a88-211-6290-7$9(OLS)http://pul/number/137864 996 $6245$aDei libri, dell'amicizia, dell'esperienza$9(OLS)http://pul/title/140050 996 $6260$aGenova :$bMarietti$9(OLS)http://pul/publisher/48994 LEADER 01376nam a2200313 a 4500 001 000000138462 003 CaOOAMICUS 005 20140516093721.0 008 140516s2013 it u000 u ita r 020 $a978-88-16-41190-6 040 $aPUL$bita 082 04$a937.08092 100 1 $aGuidetti, Massimo.$0(OLS)http://pul/name/89262 245 10$aCostantino e il suo secolo :$bl'editto di Milano e le religioni /$cMassimo Guidetti. 260 $aMilano :$bJaca Book,$cİ2013. 300 $aIX, 223 p. ;$c24 cm 490 1 $aDi fronte e attraverso.$aStoria ;$v1090 500 $aInclude indice. 504 $aBibliografia p. 193-212. 600 04$aConstantinus Magnus,$cimperatore romano,$d272-337$xCritica e interpretazione.$0(OLS)http://pul/subject/13204 830 0$aDi fronte e attraverso.$pStoria ;$v1090.$0(OLS)http://pul/title/67175 850 $aPUL 852 $aPUL$W1$xSL Cons. Gen., Altre Classi 3$y75$m937. 08092 GUIMA 1$j159696$qDDC 21$B159220$CPULBib$Z2$F159220 $H124027 $82 941 1 $a9 996 $6020$a978-88-16-41190-6$9(OLS)http://pul/number/155299 996 $6082$a937.08092$9(OLS)http://pul/classification/2656 996 $6245$aCostantino e il suo secolo :$bl'editto di Milano e le religioni$9(OLS)http://pul/title/175267 996 $6260$aMilano :$bJaca Book$9(OLS)http://pul/publisher/47900